00265nam a2200109Ia 4500008004100000082001200041082000800053245005500061245001500116260001500131300000900146231017s9999 xx 000 0 und d a388.409 bBAN 0aDeveloping Rural Transport Policies and Strategies 0cWorld Bank bWorld Bank c30cm